| 000 | 00908nam a2200289uu 4500 | ||
|---|---|---|---|
| 001 | 200461923 | ||
| 003 | TR-AnTOB | ||
| 005 | 20240719132955.0 | ||
| 007 | ta | ||
| 008 | 240719s2010 tu tur d | ||
| 020 | _a9789944692182 | ||
| 040 |
_aTR-AnTOB _beng _erda _cTR-AnTOB |
||
| 041 | 1 |
_atur _heng |
|
| 050 | _aPZ 7 .C24263 | ||
| 090 |
_aPZ 7 .C24263 _bI3819 2010 |
||
| 100 | 1 |
_aCarter, Ally _eauthor _9145514 |
|
| 245 | 1 |
_aSeni sevdiğimi söyleseydim öldürmek zorunda kalırdım / _cAlly Carter ; çeviren Ceren Aral. |
|
| 264 | 1 |
_aİzmir : _bTudem, _c2010. |
|
| 300 |
_a286 pages ; _c18 cm |
||
| 336 |
_atext _btxt _2rdacontent |
||
| 337 |
_aunmediated _bn _2rdamedia |
||
| 338 |
_avolume _bnc _2rdacarrier |
||
| 500 | _aİngilizce eser adı: I'd tell you I love you, but then I'd have to kill you | ||
| 650 | 7 |
_aAmerikan romanı _934007 |
|
| 942 |
_2lcc _cBK |
||
| 999 |
_c200461923 _d80135 |
||